Name The Wrestlemania? - Statistics

General Stats
  • This quiz has been taken 10 times
  • The average score is 13 of 16
Answer Stats
Picture Answer % Correct
Wrestlemania 3
100%
Wrestlemania 4
100%
Wrestlemania 10
83%
Wrestlemania 11
83%
Wrestlemania 12
83%
Wrestlemania 16
83%
Wrestlemania 17
83%
Wrestlemania 18
83%
Wrestlemania 19
83%
Wrestlemania 21
83%
Wrestlemania 24
83%
Wrestlemania 13
67%
Wrestlemania 6
67%
Wrestlemania 7
67%
Wrestlemania 8
67%
Wrestlemania 9
67%
No matching quizzes found
Score Distribution
Percent of People with Each Score
Percentile by Number Answered
Your Score History
You have not taken this quiz